Decisiones de vida y muerte. (Registro nro. 633)
[ vista simple ]
| 000 -LEADER | |
|---|---|
| fixed length control field | 01008 am a2200277 a 4500 |
| 005 - FECHA ULTIMA MODIFICACION | |
| control field | 20240219114812.0 |
| 008 - CAMPO DE CONTROL (LIBRO) | |
| fixed length control field | 100825s2000||||ag # f |||| 001 0 spa d |
| 020 ## - INTERNATIONAL STANDARD BOOK NUMBER | |
| ISBN | 9500710382 |
| 041 ## - CODIGO DE IDIOMA | |
| Código de idioma del texto/pista de sonido o título separado | spa |
| 092 ## - SIGNATURA TOPOGRAFICA DEWEY LOCAL | |
| número de clasificación | 174 |
| libristica | 50 |
| sección | LUN |
| 100 1# - ENTRADA PRINCIPAL--NOMBRE PERSONAL | |
| Nombre personal | Luna, Florencia. |
| 9 (RLIN) | 1300 |
| 245 ## - TITULO PROPIAMENTE DICHO | |
| Título | Decisiones de vida y muerte. |
| Subtítulo y Título paralelo | Eutanasia, aborto y otros temas de ética médica / |
| Mención de responsabilidad y remanente de la transcripción de la portada | Florencia Luna |
| 250 ## - MENCION DE EDICION | |
| Mención de edición | 2a ed. |
| Mención de responsabilidad relacionada con la ed. | Traducción Alberto Gioia y María Cristof. |
| 260 ## - PIE DE IMPRENTA | |
| Lugar de publicación, distribución, etc | Buenos Aires: |
| Nombre de la editorial, distribuidor, etc | Sudamericana; |
| Fecha de publicación | 2000. |
| 300 ## - DESCRIPCION FISICA | |
| Extension | 293 p. |
| 500 ## - NOTA GENERAL | |
| Nota general | Luna, F. y Salles, A. (2000). Decisiones de vida y muerte. Eutanasia, aborto y otros temas de ética médica. (2a ed.). Buenos Aires : Sudamericana. |
| 653 ## - TÉRMINO INDIZADO - PALABRAS CLAVES | |
| Palabra clave | Etica teórica y bioética |
| 653 ## - TÉRMINO INDIZADO - PALABRAS CLAVES | |
| Palabra clave | Relación médico-paciente |
| 653 ## - TÉRMINO INDIZADO - PALABRAS CLAVES | |
| Palabra clave | Rechazo del tratamiento, Eutanasia y suicidio asistido |
| 653 ## - TÉRMINO INDIZADO - PALABRAS CLAVES | |
| Palabra clave | Aborto |
| 653 ## - TÉRMINO INDIZADO - PALABRAS CLAVES | |
| Palabra clave | Técnica de reproducción asistida |
| 700 1# - ENTRADAS SECUNDARIAS - NOMBRE PERSONAL | |
| Nombre personal | Salles, Arleen, |
| 9 (RLIN) | 1301 |
| 930 ## - NUMERO DE INVENTARIO | |
| Número de inventario | 915 |
| 930 ## - NUMERO DE INVENTARIO | |
| Número de inventario | 916 |
| 942 ## - ADDED ENTRY ELEMENTS (KOHA) | |
| Source of classification or shelving scheme | Dewey Decimal Classification |
| Item type | Libros |
| Estado de retiro | Existencia | Fuente de clasificación | Estado general | No para prestamo | Colección | Ubicación permanente | ubicación actual | Sala de ubicación | Fecha de adquisición | Total Checkouts | Número de clasificación | Código de barras | Date last seen | Número de ejemplar | Price effective from | Koha tipo de elemento (item) | Public note | Total Renewals | Date last borrowed | Fuente de adquisición | Coded location qualifier |
|---|---|---|---|---|---|---|---|---|---|---|---|---|---|---|---|---|---|---|---|---|---|
| Dewey Decimal Classification | Reference | Biblioteca Medicina | Biblioteca Medicina | Referencia | 13/05/2011 | 174 50 LUN | 915 | 06/11/2014 | ej.1 | 31/08/2011 | Reference | LIBRO DE CONSULTA | |||||||||
| Biblioteca Medicina | Biblioteca Medicina | Circulación | 13/05/2011 | 5 | 174 50 LUN | 916 | 23/05/2023 | ej.2 | 13/05/2011 | Libros | 1 | 28/03/2023 | |||||||||
| Dewey Decimal Classification | Biblioteca Medicina | Biblioteca Medicina | Circulación | 24/05/2022 | 174 50 LUN | 4773 | 24/05/2022 | Ej. 3 | 24/05/2022 | Libros | Donación Priegue, Ana Carolina. Mayo 2022 | Donación Priegue, Ana Carolina. Mayo 2022 |